000
00307nam a22001097a 4500
008
160506b xxu||||| |||| 00| 0 eng d
020
_a
0721628591
041
_a
eng
080
_a
61
245
_a
Dorlands illustrated medical dictionary:
_c
W.B.Saunders DictionaryStaff;Michelle A. Elliott BA;
942
_2
udc
_c
BK
999
_c
1872
_d
1872